|
|
|
|
| LEADER |
00786ncm a22002172a 4500 |
| 001 |
001126529 |
| 003 |
CZ BrMZK |
| 005 |
20110617082901.0 |
| 007 |
qu |
| 008 |
980105s1945 fr f fre d |
| 040 |
|
|
|a BOA001
|b cze
|
| 072 |
|
7 |
|a 784
|x Vokální hudba
|2 Konspekt
|9 9
|
| 100 |
1 |
|
|a Ibert, Jacques,
|d 1890-1962
|7 ola2002153164
|4 cmp
|
| 245 |
1 |
0 |
|a Quatuor a cordes
|h [hudebnina] :
|b pour deux violons, alto et violoncelle /
|c Jacques Ibert
|
| 260 |
|
|
|a Paris :
|b Leduc,
|c 1945
|
| 300 |
|
|
|a 11, 11, 12, 10 s.
|
| 910 |
|
|
|a BOA001
|b Mus4-0282.045
|
| 990 |
|
|
|a MU
|
| 991 |
|
|
|b 201011
|
| 996 |
7 |
|
|b 2619561489
|c Mus4-0282.045
|l MZK
|r Sklad / do 1 hodiny
|n 0
|w 001155309
|u 000020
|a 1
|e BOA001
|j MZK50
|s A
|
| 996 |
7 |
|
|b 2619561490
|c Mus4-0282.045
|l MZK
|r Sklad / do 1 hodiny
|n 0
|w 001155309
|u 000010
|a 1
|e BOA001
|j MZK50
|s A
|